000170006 001__ 170006
000170006 005__ 20260316092629.0
000170006 0247_ $$2doi$$a10.36576/2660-955X.53.231
000170006 0248_ $$2sideral$$a148489
000170006 037__ $$aART-2026-148489
000170006 041__ $$aeng
000170006 100__ $$0(orcid)0000-0001-7933-8861$$aPérez Chico, David$$uUniversidad de Zaragoza
000170006 245__ $$ametascepticism and the traditional epistemological project: Sosa and Stroud on standards of success
000170006 260__ $$c2026
000170006 5060_ $$aAccess copy available to the general public$$fUnrestricted
000170006 5203_ $$aThe exchange between Ernest Sosa and Barry Stroud on the possibility of a theory of knowledge is usually treated as a quarrel about epistemic circularity. I argue that it is better understood as a clash over standards of success for epistemology. On Sosa’s virtue perspectivism, reliability and apt belief fix the aim of epistemology. On Stroud’s view, philosophical success requires first-person accessibility and non-circular understanding. The dispute about circularity is therefore derivative. Drawing on Pérez Chico and Sanfélix’s notion of metascepticism, I propose an operational test that distinguishes genuine reform from metascepticism in the strict sense. The result is a way of classifying positions that clarifies what success in epistemology can coherently amount to.
000170006 536__ $$9info:eu-repo/grantAgreement/ES/AEI/AEI PID2022-142120NB-I00$$9info:eu-repo/grantAgreement/ES/AEI/AEI PID2022-14892NB-I00
000170006 540__ $$9info:eu-repo/semantics/openAccess$$aby$$uhttps://creativecommons.org/licenses/by/4.0/deed.es
000170006 655_4 $$ainfo:eu-repo/semantics/article$$vinfo:eu-repo/semantics/publishedVersion
000170006 7102_ $$15012$$2585$$aUniversidad de Zaragoza$$bUnidad Predepartam. Filosofía$$cÁrea Lógica y Filosof.Ciencia
000170006 773__ $$g53 (2026), 231-245$$pCuad. salmant. filos.$$tCuadernos salmantinos de filosofía$$x0210-4857
000170006 8564_ $$s272467$$uhttps://zaguan.unizar.es/record/170006/files/texto_completo.pdf$$yVersión publicada
000170006 8564_ $$s1133737$$uhttps://zaguan.unizar.es/record/170006/files/texto_completo.jpg?subformat=icon$$xicon$$yVersión publicada
000170006 909CO $$ooai:zaguan.unizar.es:170006$$particulos$$pdriver
000170006 951__ $$a2026-03-16-08:16:41
000170006 980__ $$aARTICLE